header

The Johns Hopkins guide to diabetes (Record no. 10379)

MARC details
000 -LEADER
fixed length control field 01464nam a2200385Ia 4500
082 04 - DEWEY DECIMAL CLASSIFICATION NUMBER
Classification number 616.4/62
100 1# - MAIN ENTRY--AUTHOR NAME
Personal name Saudek, Christopher D.
245 14 - TITLE STATEMENT
Title The Johns Hopkins guide to diabetes
250 ## - EDITION STATEMENT
Edition statement Large print ed.
260 ## - PUBLICATION, DISTRIBUTION, ETC. (IMPRINT)
Place of publication Baltimore :
Name of publisher Johns Hopkins University Press,
Year of publication 2001.
300 ## - PHYSICAL DESCRIPTION
Number of Pages xvi, 674 p. :
Other physical details ill.
490 1# - SERIES STATEMENT
Series statement A Johns Hopkins Press health book
500 ## - GENERAL NOTE
General note Originally published: 1997.
General note Includes index.
650 #0 - SUBJECT ADDED ENTRY--TOPICAL TERM
Topical Term Diabetes
Topical Term Diabetes.
700 1# - ADDED ENTRY--PERSONAL NAME
Personal name Rubin, Richard R.
Personal name Shump, Cynthia S.
856 40 - ELECTRONIC LOCATION AND ACCESS
Uniform Resource Identifier http://site.ebrary.com/lib/rucke/Doc?id=10021694

No items available.

© 2026 Rongo University
Contact us: librarian | system librarian | Rongo university